000
00181 a2200097 4500
020
_a
9780673758422
041
_a
spa
100
_a
Mora, Pat
245
_a
En mi desierto
942
_c
BK
999
_c
31959
_d
31957